000 00269nam a2200121Ia 4500
005 20251222155204.0
008 251222s9999||||xx |||||||||||||| ||spa||
082 _aSOC. 02
100 _aUniversidad Lima.
245 0 _aSociologĂ­a
264 _bNo tiene
942 _cLIB
999 _c40034
_d40034